000 00602nam a2200193Ia 4500
005 20250508163304.0
008 008 250505s9999 xx 000 0 eng d
037 _aDissertations
040 _aFEDL
_beng
_cFEDL
041 _aeng
_2eng
084 _a371.102, SHA/DI
_qFEDL
100 _aSharma Alka
_925488
245 0 _aMicroteaching vs. mini teaching a comparative effectiveness of acquisition on teaching competencies
260 _c1987
300 _a124p.
546 _aM. Ed. Dissertation (Delhi University)
942 _cDIS
_h371.102, SHA/DI
999 _c1382059
_d1382059